LEADER 00915nam0-22002891i-450- 001 990004254900403321 005 20060213152635.0 035 $a000425490 035 $aFED01000425490 035 $a(Aleph)000425490FED01 035 $a000425490 100 $a19990604d1969----km-y0itay50------ba 101 0 $aita 105 $aa-------00-y- 200 1 $a<>architettura aragonese-catalana in Italia$fGiuseppe Agnello 210 $aPalermo$cLettere ed arti$d1969 215 $a167 p.$cill.$d29 cm 225 1 $aAtti dell'Accademia di scienze, lettere ed arti di Palermo$eSupplemento$v6 676 $a720.9458$v21$zita 700 1$aAgnello,$bGiuseppe$f<1888-1976>$035943 801 0$aIT$bUNINA$gRICA$2UNIMARC 901 $aBK 912 $a990004254900403321 952 $a720.945 AGN 1$bDip.disc.st.1213$fFLFBC 959 $aFLFBC 996 $aArchitettura aragonese-catalana in Italia$9480760 997 $aUNINA LEADER 01322nam--2200397---450- 001 990001162950203316 005 20100119085944.0 010 $a88-14-09854-9 035 $a000116295 035 $aUSA01000116295 035 $a(ALEPH)000116295USA01 035 $a000116295 100 $a20030709d2002----km-y0enga50------ba 101 0 $aita 102 $aIT 105 $ay|||z|||001yy 200 1 $a"Sciopero" degli avvocati e costituzione$fEduardo Gianfrancesco 210 $aMilano$cA. Giuffrè$dcopyr. 2002 215 $aIX, 167 p.$d24 cm 225 2 $aStudi e materiali di diritto costituzionale$v17 410 0$12001$aStudi e materiali di diritto costituzionale 606 0 $aAvvocati$xDiritto di sciopero$xLegislazione 676 $a344.1 700 1$aGIANFRANCESCO,$bEduardo$0235063 801 0$aIT$bsalbc$gISBD 912 $a990001162950203316 951 $aXXIV.2. Coll. 8/ 16 (Coll. PLG 17)$b35938 G.$cXXIV.2. Coll. 8/ 16 (Coll. PLG)$d00096149 959 $aBK 969 $aGIU 979 $aMARIA$b10$c20030709$lUSA01$h0922 979 $aPAOLA$b90$c20030908$lUSA01$h1221 979 $aPAOLA$b90$c20030908$lUSA01$h1637 979 $aPATRY$b90$c20040406$lUSA01$h1722 979 $aRSIAV2$b90$c20100119$lUSA01$h0859 996 $aSciopero degli avvocati e Costituzione$968727 997 $aUNISA LEADER 01084nam 2200337 450 001 996213267103316 005 20230721024601.0 035 $a(CKB)2510000000007237 035 $a(WaSeSS)IndRDA00119526 035 $a(EXLCZ)992510000000007237 100 $a20200305d2007 uy 0 101 0 $aeng 135 $aur||||||||||| 181 $ctxt$2rdacontent 182 $cc$2rdamedia 183 $acr$2rdacarrier 200 10$a2006 IET Seminar on Biocompatible Materials and Devices $e26 October 2006, London, UK /$fInstitution of Engineering and Technology 210 1$aLondon :$cInstitution of Engineering and Technology,$d2007. 215 $a1 online resource (206 pages) 311 $a0-86341-752-3 606 $aBiomedical materials$vCongresses 606 $aBiocompatibility$vCongresses 615 0$aBiomedical materials 615 0$aBiocompatibility 676 $a610.28 801 0$bWaSeSS 801 1$bWaSeSS 906 $aBOOK 912 $a996213267103316 996 $a2006 IET Seminar on Biocompatible Materials and Devices$92515253 997 $aUNISA